| 000 | 01671nam0a2200325 4500 | ||
|---|---|---|---|
| 001 | RU\NLR\BIBL_A\012000967 | ||
| 005 | 20190516132017.0 | ||
| 010 |
_a978-5-8431-0398-9 _9100 |
||
| 021 |
_aRU _bКН-П-19-024681 _9КН-П-19-1867 |
||
| 035 | _a(NLR Aleph) 012000967 | ||
| 035 | _a(RuMoRGB)009941485 | ||
| 090 |
_a11404683 _c11404683 |
||
| 100 | _a20190426d2018 k y0rusy50 ca | ||
| 101 | 0 | _arus | |
| 102 | _aRU | ||
| 105 | _aa|||z|||000zy | ||
| 200 | 1 |
_aУправление гусеничными мобильными роботами в недетерминированных условиях _e[монография] _fГлебов Николай Алексеевич, Амин Нихад Мохаммед Амин _gМинистерство науки и высшего образования Российской Федерации, Южно-Российский государственный политехнический университет (НПИ) имени М. И. Платова |
|
| 210 |
_aНовочеркасск _cНОК _d2018 |
||
| 215 |
_a111 с. _cил., табл. _d21 |
||
| 320 | _aБиблиогр.: с. 103-111 (105 назв.) | ||
| 606 | 1 |
_aМобильные роботы _xДвижение _xУправление _92258233 _3RU\NLR\AUTH\661354201 |
|
| 606 | 1 |
_aГусеничные роботы _92410093 _3RU\NLR\AUTH\6601655206 |
|
| 686 | 1 | _aЗ816.2 | |
| 700 | 1 |
_aГлебов _bН. А. _gНиколай Алексеевич |
|
| 701 | 1 | _aАмин Нихад Мохаммед Амин | |
| 942 | _cBOOK | ||
| 980 | _aNBR | ||
| 980 | _aNB | ||